000 00648nam a2200229Ia 4500
003 OSt
005 20220923225642.0
006 a|||||r|||| 00| 0
007 ta
008 Pun
024 _a273,087
037 _cTextual
040 _aARTS
_cARTS
_bPun
041 _2Pun
_aPun
082 _aO153vM5, K2
100 _aਕੋਹਲੀ, ਸੁਰਿੰਦਰ ਸਿੰਘ
_9156370
245 0 _aਪੰਜਾਬੀ ਸਾਹਿਤ
_b 18 9-185
260 _c1962
650 _aਪੰਜਾਬੀ ਸਾਹਿਤ
942 _hO153vM5, K2
_cTEXL
_2CC
999 _c379696
_d379696